Normal view
MARC view
Entry Geographic Name
001 - CONTROL NUMBER
- control field: 15179
003 - CONTROL NUMBER IDENTIFIER
- control field: BD-DhEWU
005 - DATE AND TIME OF LATEST TRANSACTION
- control field: 20140710150610.0
008 - FIXED-LENGTH DATA ELEMENTS
- fixed length control field: 140710|| aca||aabn | a|a d
040 ## - CATALOGING SOURCE
- Original cataloging agency: BD-DhEWU
- Transcribing agency: BD-DhEWU
151 ## - HEADING--GEOGRAPHIC NAME
- Geographic name: Bangladesh
- General subdivision: Imprints.
670 ## - SOURCE DATA FOUND
- Source citation: Work cat.: (BD-DhEWU)1318: Shawkat Ali, A. M. M. 12995, Comprehensive bibliography on agriculture and rural development /, 1994.